Normal view
MARC view
- HAWKING, STEPHEN
Entry Personal Name
001 - CONTROL NUMBER
- control field: 27266
003 - CONTROL NUMBER IDENTIFIER
- control field: NUST
005 - DATE AND TIME OF LATEST TRANSACTION
- control field: 20191231133014.0
008 - FIXED-LENGTH DATA ELEMENTS
- fixed length control field: 191231|| aca||aabn | a|a d
040 ## - CATALOGING SOURCE
- Original cataloging agency: NUST
- Transcribing agency: NUST
100 ## - HEADING--PERSONAL NAME
- Personal name: HAWKING, STEPHEN
670 ## - SOURCE DATA FOUND
- Source citation: Work cat.: (NUST): HAWKING, STEPHEN, THE UNIVERSE IN A NUTSHELL, 2001
